[Event "GER-ch Youth U12 2020"]
[Site "Willingen"]
[Date "2020.10.30"]
[Round "5.11"]
[White "Uhlmann, Tim"]
[Black "Schreidl, Michael"]
[Result "1-0"]
[WhiteElo "1523"]
[BlackElo "1640"]
[Annotator "NA RC"]
[PlyCount "117"]
[EventDate "2020.10.27"]
[EventType "swiss"]
[EventRounds "7"]
[EventCountry "GER"]
[SourceTitle "playchess.com"]
[Source "ChessBase"]
[SourceQuality "1"]
[TimeControl "40/5400+30:1800+30"]

1. e4 {[%emt 0:00:00]} e5 {[%emt 0:00:00]} 2. Nf3 {[%emt 0:00:00]} Nc6 {[%emt 0:00:00]} 3. d4 {[%emt 0:00:00]} exd4 {[%emt 0:00:00]} 4. Bc4 {[%emt 0:00:00]} Bc5 {[%emt 0:00:00]} 5. O-O {[%emt 0:00:06]} Nge7 {[%emt 0:03:52]} 6. Ng5 {[%emt 0:08:57]} Ne5 {[%emt 0:02:20]} 7. Nxf7 {[%emt 0:05:35]} Nxf7 {[%emt 0:01:35]} 8. Bxf7+ {[%emt 0:00:10]} Kxf7 {[%emt 0:00:04]} 9. Qh5+ {[%emt 0:00:07]} g6 {[%emt 0:02:24]} 10. Qxc5 {[%emt 0:00:04]} Nc6 {[%emt 0:04:03]} 11. Qd5+ {[%emt 0:04:15]} Kg7 {[%emt 0:01:59]} 12. f4 {[%emt 0:00:34]} Qg8 {[%emt 0:03:09]} 13. Qg5 {[%emt 0:00:30]} h6 {[%emt 0:02:13]} 14. Qh4 {[%emt 0:04:31]} Kh7 {[%emt 0:05:29]} 15. Rf3 {[%emt 0:02:19]} Qd8 {[%emt 0:05:15]} 16. Qh3 {[%emt 0:04:36]} d5 {[%emt 0:07:23]} 17. f5 {[%emt 0:01:13]} g5 {[%emt 0:03:47]} 18. exd5 {[%emt 0:15:36]} Ne5 {[%emt 0:02:57]} 19. Rf2 {[%emt 0:05:35]} Rg8 {[%emt 0:10:29]} 20. Qg3 {[%emt 0:11:26]} Qxd5 {[%emt 0:02:55]} 21. h4 {[%emt 0:12:49]} gxh4 {[%emt 0:04:55]} 22. Qf4 {[%emt 0:01:31]} Rg4 {[%emt 0:08:54]} 23. Qxh6+ {[%emt 0:08:23]} Kg8 {[%emt 0:00:15]} 24. Qh5 {[%emt 0:00:42]} Qf7 {[%emt 0:06:40]} 25. Qxf7+ {[%emt 0:00:10]} Kxf7 {[%emt 0:00:26]} 26. Bf4 {[%emt 0:04:36]} Kf6 {[%emt 0:03:44]} 27. Nd2 {[%emt 0:00:39]} Kxf5 {[%emt 0:11:06]} 28. Bh2+ {[%emt 0:00:32]} Ke6 {[%emt 0:02:18]} 29. Re1 {[%emt 0:00:12]} Kd7 {[%emt 0:02:45]} 30. Rxe5 {[%emt 0:00:41]} b6 {[%emt 0:00:32]} 31. Rf7+ {[%emt 0:02:56]} Kc6 {[%emt 0:00:35]} 32. Ree7 {[%emt 0:01:07]} Kb5 {[%emt 0:00:55]} 33. Rxc7 {[%emt 0:00:28]} Ka6 {[%emt 0:00:15]} 34. a4 {[%emt 0:01:59]} Be6 {[%emt 0:00:31]} 35. Rg7 {[%emt 0:01:39]} h3 {[%emt 0:01:43]} 36. Rxg4 {[%emt 0:01:35]} Bxg4 {[%emt 0:00:05]} 37. b4 {[%emt 0:01:05]} Be2 {[%emt 0:00:30]} 38. Nb3 {[%emt 0:00:34]} hxg2 {[%emt 0:01:00]} 39. b5+ {[%emt 0:00:38]} Bxb5 {[%emt 0:00:06]} 40. axb5+ {[%emt 0:00:05]} Kxb5 {[%emt 0:00:02]} 41. Nxd4+ {[%emt 0:30:22]} Kb4 {[%emt 0:30:22]} 42. Bd6+ {[%emt 0:00:30]} Ka5 {[%emt 0:00:27]} 43. Nc6+ {[%emt 0:00:46]} Ka6 {[%emt 0:00:24]} 44. Kxg2 {[%emt 0:00:30]} b5 {[%emt 0:00:24]} 45. Nb4+ {[%emt 0:01:11]} Ka5 {[%emt 0:00:26]} 46. Rc6 {[%emt 0:01:03]} a6 {[%emt 0:00:05]} 47. c3 {[%emt 0:00:25]} Rg8+ {[%emt 0:01:04]} 48. Kf2 {[%emt 0:00:34]} Ra8 {[%emt 0:00:07]} 49. Bc7+ {[%emt 0:00:30]} Ka4 {[%emt 0:00:04]} 50. Rxa6+ {[%emt 0:00:14]} Rxa6 {[%emt 0:00:08]} 51. Nxa6 {[%emt 0:00:07]} Kb3 {[%emt 0:00:14]} 52. Be5 {[%emt 0:00:10]} Kc4 {[%emt 0:00:16]} 53. Nb4 {[%emt 0:00:20]} Kc5 {[%emt 0:00:11]} 54. Bd4+ {[%emt 0:00:08]} Kc4 {[%emt 0:00:04]} 55. Ke3 {[%emt 0:00:08]} Kb3 {[%emt 0:00:10]} 56. Ke4 {[%emt 0:00:17]} Ka3 {[%emt 0:00:19]} 57. Kd5 {[%emt 0:00:13]} Kb3 {[%emt 0:00:16]} 58. Kc5 {[%emt 0:00:15]} Ka4 {[%emt 0:00:18]} 59. Kb6 {[%emt 0:00:11]} 1-0

[Event "GER-ch Youth U12 2020"]
[Site "Willingen"]
[Date "2020.10.30"]
[Round "5.12"]
[White "Sommer, Justus"]
[Black "Grabs, Peter"]
[Result "1/2-1/2"]
[WhiteElo "1845"]
[BlackElo "1674"]
[Annotator "NA RC"]
[PlyCount "126"]
[EventDate "2020.10.27"]
[EventType "swiss"]
[EventRounds "7"]
[EventCountry "GER"]
[SourceTitle "playchess.com"]
[Source "ChessBase"]
[SourceQuality "1"]
[TimeControl "40/5400+30:1800+30"]

{[%evp 9,125,-30,-29,-31,43,31,59,52,107,112,117,32767,32767,32767,32767,6,20,8,109,100,106,90,110,102,108,-2,0,0,10,0,-3,-6,0,-9,0,0,0,0,12,0,0,-34,-10,-20,0,0,0,-33,0,0,0,0,0,0,0,32767,6,32767,32767,32767,32767,32767,32767,32767,32767,32767,0,0,0,0,0,0,0,0,0,0,0,0,0,0,0,0,0,0,0,0,0,0,0,0,0,0,32767,32767,32767,32767,0,0,0,0,0,0,0,0,0,32767,32767,32767,32767,32767,0,0,0,-28000,0,0,0,0]} 1. e4 {[%emt 0:00:07]} e6 {[%emt 0:00:00]} 2. d4 {[%emt 0:00:08]} d5 {[%emt 0:00:00]} 3. Nc3 {[%emt 0:00:08]} Bb4 {[%emt 0:00:00]} 4. Nge2 {[%emt 0:00:13]} Nf6 {[%emt 0:02:58]} 5. a3 {[%emt 0:01:09]} Bxc3+ {[%emt 0:03:01]} 6. Nxc3 {[%emt 0:00:12]} dxe4 {[%emt 0:00:41]} (6... Nxe4 $11 7. Nxe4 dxe4) 7. Bg5 {[%emt 0:00:46]} Nc6 {[%emt 0:01:37] C15: French: 3 Nc3 Bb4: Unusual White 4th moves.} 8. Bb5 {[%emt 0:01:22]} Bd7 {[%emt 0:00:50]} 9. Nxe4 {[%emt 0:01:28] Pin} h6 {[%emt 0:10:58]} 10. Nxf6+ {[%emt 0:05:19]} gxf6 {[%emt 0:00:12] [#]} 11. Be3 $146 {[%emt 0:01:03]} ({Predecessor:} 11. Bh4 Qe7 12. Qd2 e5 13. O-O-O Nxd4 14. Bxd7+ Qxd7 15. Bxf6 Qc6 16. Kb1 Qxf6 17. f4 {0-1 (37) Kestlane,H-Tillmann,M (1954) Piestany 2011}) 11... Ne7 {[%emt 0:02:06]} 12. Bxd7+ {[%emt 0:05:46]} Qxd7 {[%emt 0:00:54]} 13. Qf3 {[%emt 0:00:16]} Nd5 {[%emt 0:02:00]} (13... Qd5 $11 {remains equal.}) 14. c4 {[%emt 0:00:38]} Nxe3 {[%emt 0:03:10]} 15. fxe3 {[%emt 0:00:09]} O-O-O {[%emt 0:00:20]} 16. Qxf6 {[%emt 0:03:31]} Qc6 {[%emt 0:03:39] [#]} 17. c5 {[%emt 0:01:29]} ({And not} 17. Qxf7 Rdf8 $15) (17. O-O $1 $16) 17... Qxg2 {[%emt 0:01:02]} 18. O-O-O {[%emt 0:00:29]} Qg5 {[%emt 0:06:16]} 19. Qxf7 {[%emt 0:03:17]} Qxe3+ {[%emt 0:00:36] Double Attack} 20. Kb1 {[%emt 0:00:07]} Qe4+ {[%emt 0:02:25]} 21. Ka2 {[%emt 0:01:23]} Rxd4 {[%emt 0:08:01]} 22. Rxd4 {[%emt 0:00:33]} Qxd4 {[%emt 0:00:41]} 23. Qxe6+ {[%emt 0:00:11]} Qd7 {[%emt 0:01:26]} 24. Qc4 {[%emt 0:02:00]} Re8 {[%emt 0:02:35]} 25. Ka1 {[%emt 0:02:31]} Qe6 {[%emt 0:02:39]} 26. Qc3 {[%emt 0:05:06]} Qe5 {[%emt 0:02:26]} 27. Qh3+ {[%emt 0:01:10]} Qe6 {[%emt 0:00:45]} 28. Qg3 {[%emt 0:00:54]} Qe5 {[%emt 0:02:43]} 29. Qg6 {[%emt 0:00:33]} Qe6 {[%emt 0:04:06]} 30. Rg1 {[%emt 0:00:34]} Qxg6 {[%emt 0:04:02]} 31. Rxg6 {[%emt 0:00:23]} h5 {[%emt 0:00:04]} 32. Rg5 {[%emt 0:00:20]} h4 {[%emt 0:02:21]} 33. Rg4 {[%emt 0:00:11]} h3 {[%emt 0:02:05]} 34. Rg3 {[%emt 0:00:23]} Rh8 {[%emt 0:00:20]} 35. Kb1 {[%emt 0:01:00]} Kd7 {[%emt 0:00:32]} 36. Kc2 {[%emt 0:00:17]} Kc6 {[%emt 0:01:20]} 37. b4 {[%emt 0:00:29]} a5 {[%emt 0:05:22]} 38. Kb3 {[%emt 0:05:42]} axb4 {[%emt 0:00:57]} 39. axb4 {[%emt 0:00:08]} Rh4 {[%emt 0:02:21]} 40. Ka4 {[%emt 0:03:14]} b6 {[%emt 0:05:59]} 41. Rg6+ {[%emt 0:32:57]} Kb7 {[%emt 0:31:16]} 42. Kb5 {[%emt 0:02:44]} Rh5 {[%emt 0:01:32]} 43. Rf6 {[%emt 0:05:23]} bxc5 {[%emt 0:02:54]} 44. bxc5 {[%emt 0:00:55]} Re5 {[%emt 0:01:03]} 45. Rh6 {[%emt 0:03:44]} Re3 {[%emt 0:00:48]} 46. c6+ {[%emt 0:01:26]} Ka7 {[%emt 0:00:47]} 47. Rh7 {[%emt 0:00:33]} Re5+ {[%emt 0:00:33]} 48. Kc4 {[%emt 0:00:47]} Kb6 {[%emt 0:00:21]} 49. Rxh3 {[%emt 0:00:21]} Rc5+ {[%emt 0:01:11]} 50. Kd4 {[%emt 0:00:29]} Rxc6 {[%emt 0:00:29]} 51. Rb3+ {[%emt 0:00:32]} Ka5 {[%emt 0:01:18]} 52. h3 {[%emt 0:04:14]} Rh6 {[%emt 0:02:15]} 53. Kc5 {[%emt 0:00:44]} Ka4 {[%emt 0:00:46]} 54. Rd3 {[%emt 0:00:29]} Rh5+ {[%emt 0:00:00]} 55. Kc6 {[%emt 0:00:00]} Kb4 {[%emt 0:00:00]} 56. Kxc7 {[%emt 0:00:00]} Kc4 {[%emt 0:00:00]} 57. Ra3 {[%emt 0:00:00]} Kd4 {[%emt 0:00:00]} 58. Kd6 {[%emt 0:00:00]} Ke4 {[%emt 0:00:00]} 59. Ke6 {[%emt 0:00:00]} Kf4 {[%emt 0:00:00]} 60. Kf6 {[%emt 0:00:00]} Rh6+ {[%emt 0:00:00]} 61. Kg7 {[%emt 0:00:00]} Rh4 {[%emt 0:00:00]} 62. Kg6 {[%emt 0:00:00]} Rh8 {[%emt 0:00:00]} 63. Ra4+ $11 {[%emt 0:00:00]} Kg3 {[%emt 0:00:00]} 1/2-1/2

[Event "GER-ch Youth U12 2020"]
[Site "Willingen"]
[Date "2020.10.30"]
[Round "5.13"]
[White "Deschler, Arne"]
[Black "Zobel, Christian"]
[Result "0-1"]
[WhiteElo "1671"]
[BlackElo "1521"]
[Annotator "NA RC"]
[PlyCount "54"]
[EventDate "2020.10.27"]
[EventType "swiss"]
[EventRounds "7"]
[EventCountry "GER"]
[SourceTitle "playchess.com"]
[Source "ChessBase"]
[SourceQuality "1"]
[TimeControl "40/5400+30:1800+30"]

1. e4 {[%emt 0:00:00]} e5 {[%emt 0:00:00]} 2. Bc4 {[%emt 0:00:00]} Nf6 {[%emt 0:00:00]} 3. Nc3 {[%emt 0:00:31]} Bc5 {[%emt 0:01:58]} 4. d3 {[%emt 0:00:31]} c6 {[%emt 0:00:40]} 5. Be3 {[%emt 0:03:45]} Bxe3 {[%emt 0:00:13]} 6. fxe3 {[%emt 0:00:19]} Qb6 {[%emt 0:00:03]} 7. Qc1 {[%emt 0:02:10]} Ng4 {[%emt 0:03:45]} 8. Nd1 {[%emt 0:07:21]} O-O {[%emt 0:06:17]} 9. Nf3 {[%emt 0:01:22]} d6 {[%emt 0:04:39]} 10. h3 {[%emt 0:02:55]} Nf6 {[%emt 0:03:58]} 11. O-O {[%emt 0:02:20]} d5 {[%emt 0:03:40]} 12. exd5 {[%emt 0:01:58]} cxd5 13. Bb3 {[%emt 0:00:45]} Nc6 {[%emt 0:03:41]} 14. Kh2 {[%emt 0:03:24]} Qc7 {[%emt 0:02:24]} 15. Kg1 {[%emt 0:02:55]} e4 {[%emt 0:10:47]} 16. dxe4 {[%emt 0:01:10]} dxe4 {[%emt 0:00:27]} 17. Nd4 {[%emt 0:03:37]} Qg3 {[%emt 0:08:06]} 18. Nxc6 {[%emt 0:05:51]} bxc6 {[%emt 0:01:36]} 19. Nf2 {[%emt 0:03:37]} Ba6 {[%emt 0:09:42]} 20. Rd1 {[%emt 0:07:04]} Be2 {[%emt 0:05:20]} 21. Rd2 {[%emt 0:01:35]} Bh5 {[%emt 0:01:51]} 22. Qe1 {[%emt 0:02:31]} Rad8 {[%emt 0:03:21]} 23. c4 {[%emt 0:01:31]} Bf3 {[%emt 0:00:45]} 24. Nd3 {[%emt 0:03:12]} Qxe1+ {[%emt 0:00:50]} 25. Rxe1 {[%emt 0:00:07]} Bh5 {[%emt 0:00:09]} 26. g4 {[%emt 0:02:59]} Bg6 {[%emt 0:00:06]} 27. g5 {[%emt 0:01:39]} Ne8 {[%emt 0:01:21]} 0-1

[Event "GER-ch Youth U12 2020"]
[Site "Willingen"]
[Date "2020.10.30"]
[Round "5.14"]
[White "Bräutigam, Alexander"]
[Black "Eichhorn, Valentin"]
[Result "0-1"]
[WhiteElo "1631"]
[BlackElo "1545"]
[Annotator "NA RC"]
[PlyCount "50"]
[EventDate "2020.10.27"]
[EventType "swiss"]
[EventRounds "7"]
[EventCountry "GER"]
[SourceTitle "playchess.com"]
[Source "ChessBase"]
[SourceQuality "1"]
[TimeControl "40/5400+30:1800+30"]

1. d4 {[%emt 0:00:00]} d5 {[%emt 0:00:00]} 2. c4 {[%emt 0:00:00]} e6 {[%emt 0:00:07]} 3. Nc3 {[%emt 0:00:00]} Nf6 {[%emt 0:00:12]} 4. f3 {[%emt 0:00:21]} c5 {[%emt 0:00:43]} 5. e3 {[%emt 0:00:29]} Nc6 {[%emt 0:01:08]} 6. cxd5 {[%emt 0:00:53]} Nxd5 {[%emt 0:02:02]} 7. Bb5 {[%emt 0:00:27]} Qh4+ {[%emt 0:01:07]} 8. g3 {[%emt 0:01:00]} Qh5 {[%emt 0:05:29]} 9. e4 {[%emt 0:01:24]} Nxc3 {[%emt 0:01:45]} 10. bxc3 {[%emt 0:00:52]} cxd4 {[%emt 0:06:41]} 11. Bxc6+ {[%emt 0:03:10]} bxc6 {[%emt 0:00:47]} 12. cxd4 {[%emt 0:01:08]} Bd6 {[%emt 0:06:46]} 13. Kf2 {[%emt 0:01:13]} Qb5 {[%emt 0:05:14]} 14. Be3 {[%emt 0:02:23]} Qb2+ {[%emt 0:05:20]} 15. Ne2 {[%emt 0:01:08]} Ba6 {[%emt 0:03:18]} 16. Qd2 {[%emt 0:02:52]} Qxd2 {[%emt 0:00:42]} 17. Bxd2 {[%emt 0:00:12]} Rb8 {[%emt 0:00:33]} 18. Rab1 {[%emt 0:00:44]} O-O {[%emt 0:00:51]} 19. Ke3 {[%emt 0:01:12]} Rfc8 {[%emt 0:15:29]} 20. Rhc1 {[%emt 0:00:53]} Rxb1 {[%emt 0:00:05]} 21. Rxb1 {[%emt 0:00:23]} c5 {[%emt 0:02:38]} 22. Rc1 {[%emt 0:14:52]} cxd4+ 23. Kxd4 {[%emt 0:01:17]} Rd8 {[%emt 0:16:42]} 24. Ba5 {[%emt 0:01:41]} Bc7+ {[%emt 0:00:55]} 25. Ke3 {[%emt 0:01:29]} Bxa5 0-1

[Event "GER-ch Youth U12 2020"]
[Site "Willingen"]
[Date "2020.10.30"]
[Round "5.15"]
[White "Winkler, Yonathan"]
[Black "Aravindan, Midhulan"]
[Result "1-0"]
[WhiteElo "1680"]
[BlackElo "1565"]
[Annotator "NA RC"]
[PlyCount "77"]
[EventDate "2020.10.27"]
[EventType "swiss"]
[EventRounds "7"]
[EventCountry "GER"]
[SourceTitle "playchess.com"]
[Source "ChessBase"]
[SourceQuality "1"]
[TimeControl "40/5400+30:1800+30"]

1. e4 {[%emt 0:00:00]} e6 {[%emt 0:00:00]} 2. d4 {[%emt 0:00:00]} d5 {[%emt 0:00:00]} 3. exd5 {[%emt 0:00:00]} exd5 {[%emt 0:00:00]} 4. Nf3 {[%emt 0:00:00]} Nc6 {[%emt 0:00:21]} 5. Bb5 {[%emt 0:00:24]} Bd6 {[%emt 0:01:07]} 6. c4 {[%emt 0:00:53]} Bb4+ {[%emt 0:03:01]} 7. Bd2 {[%emt 0:07:10]} Bxd2+ {[%emt 0:16:18]} 8. Qxd2 {[%emt 0:02:04]} Nge7 {[%emt 0:07:42]} 9. Nc3 {[%emt 0:01:51]} a6 {[%emt 0:06:28]} 10. Ba4 {[%emt 0:04:01]} O-O {[%emt 0:03:58]} 11. Bxc6 {[%emt 0:06:08]} bxc6 {[%emt 0:02:34]} 12. c5 {[%emt 0:00:13]} Ng6 {[%emt 0:03:34]} 13. O-O {[%emt 0:01:35]} Bg4 {[%emt 0:08:10]} 14. Qd3 {[%emt 0:07:54]} Qf6 {[%emt 0:03:05]} 15. Ne1 {[%emt 0:14:08]} Nf4 {[%emt 0:03:32]} 16. Qd2 {[%emt 0:00:05]} Rae8 {[%emt 0:03:12]} 17. f3 {[%emt 0:01:52]} Bc8 {[%emt 0:02:20]} 18. Nc2 {[%emt 0:02:31]} h5 {[%emt 0:02:05]} 19. Rae1 {[%emt 0:02:32]} h4 {[%emt 0:00:55]} 20. Ne2 {[%emt 0:03:39]} Nh5 {[%emt 0:03:22]} 21. Nb4 {[%emt 0:03:43]} Kh8 {[%emt 0:03:21]} 22. Nd3 {[%emt 0:02:02]} g5 {[%emt 0:01:31]} 23. h3 {[%emt 0:06:21]} Rg8 {[%emt 0:01:05]} 24. Ne5 {[%emt 0:01:20]} Ref8 {[%emt 0:04:20]} 25. Kh2 {[%emt 0:05:51]} Qh6 {[%emt 0:03:37]} 26. Nc1 {[%emt 0:02:10]} f5 {[%emt 0:01:42]} 27. Ncd3 {[%emt 0:02:09]} Rg7 {[%emt 0:02:58]} 28. Qe3 {[%emt 0:06:36]} Rfg8 {[%emt 0:00:50]} 29. Nb4 {[%emt 0:01:50]} Qh7 {[%emt 0:01:10]} 30. Nbxc6 {[%emt 0:01:23]} g4 {[%emt 0:02:35]} 31. fxg4 {[%emt 0:00:39]} fxg4 {[%emt 0:00:09]} 32. hxg4 {[%emt 0:00:27]} Bxg4 {[%emt 0:00:12]} 33. Nxg4 {[%emt 0:00:05]} Rxg4 {[%emt 0:00:16]} 34. Qe5+ {[%emt 0:00:05]} R4g7 {[%emt 0:02:26]} 35. Ne7 {[%emt 0:01:10]} Ra8 {[%emt 0:02:07]} 36. Nf5 {[%emt 0:00:17]} Rag8 {[%emt 0:01:24]} 37. Nxg7 {[%emt 0:00:35]} Nxg7 {[%emt 0:00:32]} 38. Qf6 {[%emt 0:00:49]} Rb8 {[%emt 0:02:53]} 39. Re7 1-0

[Event "GER-ch Youth U12 2020"]
[Site "Willingen"]
[Date "2020.10.30"]
[Round "5.16"]
[White "Haubold, Christian Lucas"]
[Black "Vecera, Fabio"]
[Result "1-0"]
[WhiteElo "1615"]
[BlackElo "1534"]
[Annotator "NA RC"]
[PlyCount "95"]
[EventDate "2020.10.27"]
[EventType "swiss"]
[EventRounds "7"]
[EventCountry "GER"]
[SourceTitle "playchess.com"]
[Source "ChessBase"]
[SourceQuality "1"]
[TimeControl "40/5400+30:1800+30"]

1. e4 {[%emt 0:00:00]} Nf6 {[%emt 0:00:00]} 2. e5 {[%emt 0:00:00]} Nd5 {[%emt 0:00:00]} 3. d4 {[%emt 0:00:00]} d6 {[%emt 0:00:00]} 4. c4 {[%emt 0:00:00]} Nb6 {[%emt 0:00:00]} 5. f4 {[%emt 0:00:15]} dxe5 {[%emt 0:01:46]} 6. fxe5 {[%emt 0:03:18]} Nc6 {[%emt 0:00:28]} 7. Be3 {[%emt 0:00:10]} g6 {[%emt 0:02:47]} 8. Nc3 {[%emt 0:05:14]} Bg7 {[%emt 0:01:25]} 9. Be2 {[%emt 0:04:29]} O-O {[%emt 0:00:13]} 10. Nf3 {[%emt 0:06:18]} Bg4 {[%emt 0:01:25]} 11. b3 {[%emt 0:06:21]} f6 {[%emt 0:12:19]} 12. c5 {[%emt 0:09:15]} Nc8 {[%emt 0:01:39]} 13. Bc4+ {[%emt 0:04:56]} Kh8 {[%emt 0:02:27]} 14. e6 {[%emt 0:04:33]} f5 {[%emt 0:02:16]} 15. Ne2 {[%emt 0:08:52]} Bxf3 {[%emt 0:01:39]} 16. gxf3 {[%emt 0:00:43]} a6 {[%emt 0:04:06]} 17. a4 {[%emt 0:13:02]} N8a7 {[%emt 0:12:04]} 18. f4 {[%emt 0:11:19]} b5 19. cxb6 {[%emt 0:00:36]} cxb6 {[%emt 0:03:38]} 20. Bxa6 {[%emt 0:04:07]} Qd5 {[%emt 0:00:44]} 21. Kf2 {[%emt 0:00:30]} Na5 {[%emt 0:10:55]} 22. b4 {[%emt 0:03:53]} N5c6 {[%emt 0:09:06]} 23. Rb1 {[%emt 0:04:06]} Rfd8 {[%emt 0:01:14]} 24. Bb7 {[%emt 0:01:38]} Rab8 {[%emt 0:00:47]} 25. Bxc6 {[%emt 0:00:44]} Nxc6 {[%emt 0:00:39]} 26. Rb3 {[%emt 0:02:46]} Qxe6 {[%emt 0:01:59]} 27. b5 {[%emt 0:01:45]} Na5 {[%emt 0:01:52]} 28. Rc3 {[%emt 0:00:15]} Rd7 {[%emt 0:00:50]} 29. Qc1 {[%emt 0:00:36]} Rbd8 {[%emt 0:02:59]} 30. Qc2 {[%emt 0:00:33]} Nb7 {[%emt 0:02:54]} 31. Rd1 {[%emt 0:00:52]} Nd6 {[%emt 0:00:39]} 32. Ng3 {[%emt 0:00:10]} Kg8 {[%emt 0:05:06]} 33. Rc6 {[%emt 0:00:39]} Kf8 {[%emt 0:00:59]} 34. d5 {[%emt 0:00:50]} Ne4+ {[%emt 0:01:30]} 35. Nxe4 {[%emt 0:00:12]} Qxe4 {[%emt 0:00:13]} 36. Qxe4 {[%emt 0:00:04]} fxe4 {[%emt 0:00:02]} 37. Bxb6 {[%emt 0:00:13]} Rxd5 {[%emt 0:00:23]} 38. Rxd5 {[%emt 0:00:50]} Rxd5 {[%emt 0:00:07]} 39. Ke3 {[%emt 0:00:33]} Rh5 {[%emt 0:02:57]} 40. Rc2 {[%emt 0:00:46]} g5 {[%emt 0:03:28]} 41. Rc5 {[%emt 0:34:07]} gxf4+ {[%emt 0:30:59]} 42. Kxe4 {[%emt 0:00:30]} Rxh2 {[%emt 0:00:29]} 43. a5 {[%emt 0:00:00]} f3 {[%emt 0:00:00]} 44. a6 {[%emt 0:00:00]} Rh4+ {[%emt 0:00:00]} 45. Kxf3 {[%emt 0:00:00]} Ra4 {[%emt 0:00:00]} 46. a7 {[%emt 0:00:00]} Bh6 {[%emt 0:00:00]} 47. Rc8+ {[%emt 0:00:00]} Kf7 {[%emt 0:00:00]} 48. a8=Q 1-0

[Event "GER-ch Youth U12 2020"]
[Site "Willingen"]
[Date "2020.10.30"]
[Round "5.18"]
[White "Möller, Maurin"]
[Black "Mader, Fabian"]
[Result "1-0"]
[WhiteElo "1645"]
[BlackElo "1588"]
[Annotator "NA RC"]
[PlyCount "47"]
[EventDate "2020.10.27"]
[EventType "swiss"]
[EventRounds "7"]
[EventCountry "GER"]
[SourceTitle "playchess.com"]
[Source "ChessBase"]
[SourceQuality "1"]
[TimeControl "40/5400+30:1800+30"]

1. e4 {[%emt 0:00:00]} e6 {[%emt 0:00:00]} 2. d4 {[%emt 0:00:00]} d5 {[%emt 0:00:00]} 3. Nd2 {[%emt 0:00:00]} dxe4 {[%emt 0:00:00]} 4. Nxe4 {[%emt 0:00:19]} Nd7 {[%emt 0:00:00]} 5. Nf3 {[%emt 0:00:12]} Ngf6 {[%emt 0:00:03]} 6. Nxf6+ {[%emt 0:00:11]} Nxf6 {[%emt 0:00:11]} 7. c3 {[%emt 0:00:06]} c5 {[%emt 0:00:12]} 8. Bf4 {[%emt 0:03:40]} Be7 {[%emt 0:03:33]} 9. dxc5 {[%emt 0:09:35]} Qxd1+ {[%emt 0:01:26]} 10. Rxd1 {[%emt 0:00:12]} Bxc5 {[%emt 0:00:10]} 11. Bd3 {[%emt 0:02:40]} O-O {[%emt 0:03:14]} 12. Ng5 {[%emt 0:19:24]} Rd8 {[%emt 0:07:12]} 13. Bxh7+ {[%emt 0:00:23]} Nxh7 {[%emt 0:03:06]} 14. Rxd8+ {[%emt 0:00:08]} Nf8 {[%emt 0:00:13]} 15. Ne4 {[%emt 0:02:33]} Bb6 {[%emt 0:02:39]} 16. Re8 {[%emt 0:00:55]} f5 {[%emt 0:07:35]} 17. Ng5 {[%emt 0:02:20]} Bc5 {[%emt 0:02:56]} 18. b4 {[%emt 0:00:09]} Bb6 {[%emt 0:02:07]} 19. Bd6 {[%emt 0:00:19]} g6 {[%emt 0:00:35]} 20. Bxf8 {[%emt 0:00:26]} Bd7 {[%emt 0:01:06]} 21. Rxa8 {[%emt 0:00:06]} e5 {[%emt 0:01:03]} 22. Bh6+ {[%emt 0:00:12]} Bc8 {[%emt 0:00:11]} 23. Rxc8+ {[%emt 0:00:06]} Bd8 {[%emt 0:00:05]} 24. Rxd8# 1-0

[Event "GER-ch Youth U12 2020"]
[Site "Willingen"]
[Date "2020.10.30"]
[Round "5.19"]
[White "Leubner, Paul Damdin"]
[Black "Isbilir, Levin"]
[Result "1-0"]
[WhiteElo "1409"]
[BlackElo "1233"]
[Annotator "NA RC"]
[PlyCount "69"]
[EventDate "2020.10.27"]
[EventType "swiss"]
[EventRounds "7"]
[EventCountry "GER"]
[SourceTitle "playchess.com"]
[Source "ChessBase"]
[SourceQuality "1"]
[TimeControl "40/5400+30:1800+30"]

1. e4 {[%emt 0:00:00]} c5 {[%emt 0:00:00]} 2. Nf3 {[%emt 0:00:00]} d6 {[%emt 0:00:00]} 3. d4 {[%emt 0:00:00]} cxd4 {[%emt 0:00:00]} 4. Nxd4 {[%emt 0:00:06]} Nf6 {[%emt 0:00:00]} 5. f3 {[%emt 0:00:19]} g6 {[%emt 0:00:06]} 6. c4 {[%emt 0:00:57]} Bg7 {[%emt 0:00:11]} 7. Nc3 {[%emt 0:00:56]} Nc6 {[%emt 0:00:25]} 8. Be3 {[%emt 0:00:56]} O-O {[%emt 0:00:15]} 9. Qd2 {[%emt 0:00:27]} Bd7 {[%emt 0:00:32]} 10. Be2 {[%emt 0:00:39]} Nxd4 {[%emt 0:01:36]} 11. Bxd4 {[%emt 0:01:05]} a5 {[%emt 0:00:32]} 12. O-O-O {[%emt 0:04:51]} a4 {[%emt 0:13:55]} 13. Kb1 {[%emt 0:04:05]} a3 {[%emt 0:09:51]} 14. b3 {[%emt 0:06:32]} Qc7 {[%emt 0:07:20]} 15. g4 {[%emt 0:03:20]} Rfc8 {[%emt 0:05:00]} 16. h4 {[%emt 0:06:04]} Rab8 {[%emt 0:20:09]} 17. h5 {[%emt 0:10:25]} Qa5 {[%emt 0:09:29]} 18. hxg6 {[%emt 0:15:47]} hxg6 {[%emt 0:01:30]} 19. Ka1 {[%emt 0:10:17]} Bc6 {[%emt 0:08:16]} 20. Rh2 {[%emt 0:07:50]} e6 {[%emt 0:02:33]} 21. Rdh1 {[%emt 0:05:31]} d5 {[%emt 0:01:25]} 22. e5 {[%emt 0:02:42]} Nd7 {[%emt 0:00:28]} 23. Rh7 {[%emt 0:02:49]} Bxe5 {[%emt 0:08:52]} 24. Bxe5 {[%emt 0:05:08]} Nxe5 {[%emt 0:01:00]} 25. Rh8+ {[%emt 0:02:48]} Kg7 {[%emt 0:00:10]} 26. R1h7+ {[%emt 0:00:15]} Kf6 {[%emt 0:00:09]} 27. Rxc8 {[%emt 0:00:14]} Qa7 {[%emt 0:02:33]} 28. Rxb8 {[%emt 0:02:04]} Qxb8 {[%emt 0:00:13]} 29. g5+ {[%emt 0:01:30]} Ke7 {[%emt 0:00:34]} 30. f4 {[%emt 0:00:12]} Nd7 {[%emt 0:01:05]} 31. cxd5 {[%emt 0:00:58]} Bxd5 {[%emt 0:01:11]} 32. Nxd5+ {[%emt 0:00:18]} exd5 {[%emt 0:00:06]} 33. Qb4+ {[%emt 0:00:15]} Ke6 {[%emt 0:00:28]} 34. Bg4+ {[%emt 0:00:15]} f5 {[%emt 0:00:23]} 35. Qe7# 1-0